Niektoré príčiny nedostatočných inovačných aktivít slovenských podnikov

Identifikovanie názorov predstaviteľov inštitúcií, ktoré aktívne pôsobia na trhu rizikového kapitálu v SR, na možné príčiny nedostatočných inovačných aktivít podnikov pôsobiacich v podmienkach SR a na skutočnosť, či rizikový kapitál možno v SR považovať za významný nástroj financovania inovácií.

Gespeichert in:
Bibliographische Detailangaben
1. Verfasser: Freňáková - Karchová, Magdaléna, 1981-
Format: Buchkapitel
Sprache:Slowakisch
Schlagworte:
Tags: Tag hinzufügen
Keine Tags, Fügen Sie das erste Tag hinzu!

MARC

LEADER 00000nla$a2200000$$$4500
001 0068576
005 20240502071830.1
041 0 |a slo 
044 |a SK 
245 1 0 |a Niektoré príčiny nedostatočných inovačných aktivít slovenských podnikov  |c Magdaléna Freňáková - Karchová 
520 |a Identifikovanie názorov predstaviteľov inštitúcií, ktoré aktívne pôsobia na trhu rizikového kapitálu v SR, na možné príčiny nedostatočných inovačných aktivít podnikov pôsobiacich v podmienkach SR a na skutočnosť, či rizikový kapitál možno v SR považovať za významný nástroj financovania inovácií. 
610 2 0 |a podnik 
610 2 0 |a financovanie podnikov 
610 2 0 |a kapitál rizikový 
610 2 0 |a inovácia 
610 2 0 |a kultúra podniková 
100 1 |a Freňáková - Karchová, Magdaléna, 1981-